Metafísica / Hans Driesch ; traducción del alemán por Moisés Sánchez Barrado
Descripción Física:
133 p. ; 19 cm
Colección:
Colección Labor : Biblioteca de Iniciación cultural : Sección I : Ciencias filosóficas ; 257
Otros Autores:
Sánchez Barrado, Moisés, tr
Materias:
Metafísica
MARC
| LEADER | 00000nam a2200000Ia 4500 | ||
|---|---|---|---|
| 001 | 1023 | ||
| 008 | 160829s1930 xx 000 0 cat d | ||
| 080 | |a F-1-26 | ||
| 100 | |a Driesch, Hans |9 34374 | ||
| 245 | |a Metafísica / Hans Driesch ; traducción del alemán por Moisés Sánchez Barrado | ||
| 260 | |a Barcelona : |b Labor, |c 1930 | ||
| 300 | |a 133 p. ; |c 19 cm | ||
| 490 | |a Colección Labor : Biblioteca de Iniciación cultural : Sección I : Ciencias filosóficas ; 257 | ||
| 590 | |a Bibliografía, pgs. 129-130 | ||
| 650 | |a Metafísica |9 34375 | ||
| 700 | |a Sánchez Barrado, Moisés, tr. |9 34376 | ||
| 901 | |a Arxiu | ||
| 942 | |n 1 | ||
| 952 | |0 0 |1 0 |4 0 |6 F126 |7 1 |9 46485 |a Arxiu |b Arxiu |d 2016-12-01 |l 0 |o F-1-26 |p 1023 |r 2016-12-01 00:00:00 |w 2016-12-01 |y ARXIU | ||
| 999 | |c 50275 |d 50275 | ||